Responses for Show #5235 - Friday, May 18, 2007

Contestants

[<< previous game]

Martin Hughes, a sociology professor from Indiana, Pennsylvania

John Lisiewicz, an assistant manager from Los Angeles, California

Sara Westrick Schomig, a strategic information officer from Annapolis, Maryland (whose 1-day cash winnings total $17,200)

[next game >>]

Jeopardy! Round responses

WORLD TRAVEL
(Alex: That's a fun one.)
ALSO A MAJOR LEAGUE BASEBALL TEAM
IT'S ALL A LEGEND
"HIT"TING
THE SNAIL
ON THE HEAD
(Alex: Oh boy. Our writers were having fun.)
    $200 1
(John: What is World War II?)

the Civil War

SaraJohn
    $200 21
the Reds

John
    $200 11
the Garden of Eden

Sara
    $200 16
a hit man

Martin
    $200 26
1

John
    $200 6
a suture

John
    $400 2
How much does this cost?

Sara
    $400 22
the A's

John
    $400 12
an anvil

Sara
    $400 17
hitchhiking

Martin
    $400 27
hermaphrodites

Martin
    $400 7
cartilage

Martin
    $600 3
Mexico

Sara
    $600 23
the Brewers

Martin
    $600 13
the Rainbow Warrior

Martin
    $600 18
to whittle

John
    $600 28
its eyes

John
    $600 8
the cranium

John
    $800 4
India

Sara
    $800 24
the Pirates

Sara
    $800 14
(John: Who is Colonel Travis?)
...
(Alex: Had to go for the other one. [*].

Jim Bowie

John
Triple Stumper
    $800 19
[ERRATUM: The apostrophe appeared at the end of "clean" in the actual text of the clue.]

chitlins

Martin
    $2,000 29
the conch

John
    $800 9
lobes

Martin
    $1000 5
Wedgwood

Triple Stumper
    $1000 25
the Mariners

Sara
    $1000 15
the Kilkenny Cats

Triple Stumper
    $1000 20
architects

Triple Stumper
    $1000 30
(John: What are cephalopods?)

mollusks

John
Triple Stumper
    $1000 10
orbits

John

Scores at the first commercial break (after clue 15):

Sara John Martin
$2,600 $800 $1,800

Scores at the end of the Jeopardy! Round:

Sara John Martin
$4,400 $3,800 $4,200

Double Jeopardy! Round responses

WORLD HISTORY
WOULD YOU MURRAY ME?
POETIC FIRST OR LAST WORD
BURIED AT ARLINGTON NATIONAL CEMETERY
EUROPEAN ARTISTS
ETYMOLOGISTS' ABBREVIATIONS
    $400 1
Sicily

Sara
    $400 7
(John: What is Caddyshack?)
(Martin: Who is Murray the groundskeeper?)
...
(Alex: It was [*]. You had the right film, but we were going for he said.)

Bill Murray

JohnMartin
Triple Stumper
    $400 12
nevermore

Martin
    $400 23
Taft

Martin
    $400 18
Gauguin

Sara
    $400 6
obsolete

Martin
    $800 2
Australia

Triple Stumper
    $800 8
Anne Murray

Martin
    $800 13
(Martin: What is "I"?)

'Twas

Martin
Triple Stumper
    $800 24
Lee Marvin

John
    $800 19
(Edward) Munch

Sara
    $800 14
Sanskrit

Martin
    $1200 3
Belgium

John
    $1200 9
Arthur Murray

Martin
    $1200 28
light

John
    $1200 25
Halsey

John
    $1200 20
Goya

Sara
    $1200 15
diminutive

Sara
    $1600 4
(Alex: He was a member of [*].)

the Black Hand

Triple Stumper
    $2,000 10
F. Murray Abraham

Martin
    $3,000 29
(Alex: [*]. "And that has made all the [*].")

difference

John
    $1600 26
(Sara: Who is Nimitz?)

(Hyman) Rickover

SaraJohn
    $1600 21
Raphael

Triple Stumper
    $1600 16
Oxford English Dictionary

Martin
    $2000 5
(John: Who is Catherine of Aragon?)

Maria Theresa

John
Triple Stumper
    $2000 11
Gavin MacLeod

Martin
    $2000 30
(Alex: That word is [*]. "[*] lies my wife, [*] let her lie. Now she's at rest, and so am I." Good old Dryden!)

here

Triple Stumper
    $2000 27
Matthew Henson

Sara
    $2000 22
the Bruegels

Triple Stumper
    $2000 17
(John: What is Provence?)

Provençal

SaraJohn

Scores at the end of the Double Jeopardy! Round:

Sara John Martin
$10,800 $8,400 $12,600

[wagering suggestions for these scores]

Final Jeopardy! Round responses

HISTORICAL MOVIES
(Alex: It would help you to remember the 1997 blockbuster film. Neither of these ladies won the award that year.)
...
(Alex: [To John] Who is [*], who played young Rose in Titanic. You are correct.)
...
(Alex: [To Martin] And just to show off, he put in the other actress's name, [*] who was up for Best Supporting Actress. She played the older Rose.)
JohnWho is Kate Winslett?
$8,399
SaraWho is Judi Dench?
$10,799
MartinWho was Kate Winslet? Gloria Stuart?
$9,001
(1 of) Kate Winslet & Gloria Stuart

Final scores:

Sara John Martin
$1 $16,799 $21,601
3rd place: $1,000 2nd place: $2,000 New champion: $21,601

Game dynamics:

Coryat scores:

Sara John Martin
$10,800 $5,800 $12,200
15 R,
1 W
15 R
(including 2 DDs),
6 W
17 R
(including 1 DD),
2 W

Combined Coryat: $28,800

[game clues] [game scores] [suggest correction]

Game tape date: 2007-02-07
The J! Archive is created by fans, for fans. Scraping, republication, monetization, and malicious use prohibited; this site may use cookies and collect identifying information. See terms. The Jeopardy! game show and all elements thereof, including but not limited to copyright and trademark thereto, are the property of Jeopardy Productions, Inc. and are protected under law. This website is not affiliated with, sponsored by, or operated by Jeopardy Productions, Inc. Join the discussion at JBoard.tv.